Tennis : Serena ou Venus Williams - Statistiques

Statistiques générales
  • Ce quiz a été pris 37 fois
  • Le résultat moyen est 9 sur 15
Statistiques - réponses
Question Réponse % Correct
Qui a eu Patrick Mouratoglou comme entraîneur ? Serena
100%
Qui a pris sa retraite après sa défaite au 3e tour de l'US Open en 2022 Serena
100%
Qui a eu son premier enfant en 2017 ? Serena
93%
Qui n'a remporté que seulement 3 fois le tournoi de Roland-Garros en simple dames ? Serena
86%
Qui est née le 17 juin 1980 ? Venus
86%
Qui souffre du syndrome de Sjögren ? Venus
71%
Qui a perdue deux fois en grand chelem face à Coco Gauff ? Venus
71%
Qui est victime d'erreurs d'arbitrage lors de son 1/4 de finales à l'US Open en 2004 ? Serena
64%
Qui est devenue en première n°1 mondiale en simple ? Venus
64%
Qui a gagné 14 titres du grand chelem en double dames ? Les deux
57%
Qui a gagné l'US Open en 1999 en simple dames ? Serena
57%
Qui a gagné 5 fois le tournoi de Wimbledon en simple dames ? Venus
36%
Qui a remporté l'or olympique aux JO en simple ? Les deux
29%
Qui a atteint une finale de grand chelem à Wimbledon à 37 ans ? Serena
21%
Qui a remporté un WTA 250 à 39 ans ? Aucune
7%
Aucun quiz correspondant
Distribution des résultats
% des personnes avec chaque résultat
Percentile par nombre de réponses
Votre historique - résultats
Vous n’avez pas pris ce quiz